Online
Catalog

The tales of the Heike / (Record no. 18409)

MARC details
000 -CABECERA
campo de control de longitud fija 02641cam a22003974a 4500
001 - NÚMERO DE CONTROL
campo de control 000018891
005 - FECHA Y HORA DE LA ÚLTIMA TRANSACCIÓN
campo de control 20200929165858.0
008 - DATOS DE LONGITUD FIJA--INFORMACIÓN GENERAL
campo de control de longitud fija 051121s2006 nyuab b 000 1 eng
010 ## - NÚMERO DE CONTROL DE LA BIBLIOTECA DEL CONGRESO
Número de control de LC 2005034245
015 ## - NÚMERO DE BIBLIOGRAFÍA NACIONAL
Número de bibliografía nacional GBA635809
Fuente bnb
016 7# - NÚMERO DE CONTROL DE UNA AGENCIA BIBLIOGRÁFICA NACIONAL
Número de control del registro 013436694
Fuente Uk
020 ## - NÚMERO INTERNACIONAL ESTÁNDAR DEL LIBRO
Número Internacional Estándar del Libro 0231138024 (cloth : alk. paper)
020 ## - NÚMERO INTERNACIONAL ESTÁNDAR DEL LIBRO
Número Internacional Estándar del Libro 0231510837 (electronic)
020 ## - NÚMERO INTERNACIONAL ESTÁNDAR DEL LIBRO
Número Internacional Estándar del Libro 9780231138024
035 ## - NÚMERO DE CONTROL DEL SISTEMA
Número de control de sistema (OCoLC)ocm62330897
040 ## - FUENTE DE LA CATALOGACIÓN
Centro catalogador/agencia de origen DO-SdBNP
Centro/agencia transcriptor DLC
Centro/agencia modificador BAKER
-- UKM
-- C#P
-- KUT
-- YUS
-- COO
-- VP@
-- YDXCP
-- OCLCQ
-- DLC
041 1# - CÓDIGO DE LENGUA
Código de lengua del texto/banda sonora o título independiente eng
Código de lengua original jpn
042 ## - CÓDIGO DE AUTENTICACIÓN
Código de autenticación pcc
043 ## - CÓDIGO DE ÁREA GEOGRÁFICA
Código de área geográfica a-ja---
050 00 - SIGNATURA TOPOGRÁFICA DE LA BIBLIOTECA DEL CONGRESO
Número de clasificación PL790
Número de documento/Ítem .H42 2006
082 00 - NÚMERO DE LA CLASIFICACIÓN DECIMAL DEWEY
Número de clasificación 895.6/32
Número de edición 22
130 0# - ENTRADA PRINCIPAL--TÍTULO UNIFORME
Título uniforme Heike monogatari.
Lenguaje de la obra English.
Subencabezamiento de forma Selections.
9 (RLIN) 40670
245 14 - MENCIÓN DE TÍTULO
Título The tales of the Heike /
Mención de responsabilidad, etc. translated by Burton Watson ; edited, with an introduction, by Haruo Shirane.
260 ## - PUBLICACIÓN, DISTRIBUCIÓN, ETC.
Lugar de publicación, distribución, etc. New York :
Nombre del editor, distribuidor, etc. Columbia University Press,
Fecha de publicación, distribución, etc. c2006.
300 ## - DESCRIPCIÓN FÍSICA
Extensión vii, 216 p. :
Otras características físicas ill., map ;
Dimensiones 24 cm.
440 #0 - MENCIÓN DE SERIE/PUNTO DE ACCESO ADICIONAL--TÍTULO
Título Translations from the Asian classics
9 (RLIN) 40671
504 ## - NOTA DE BIBLIOGRAFÍA, ETC.
Nota de bibliografía, etc. Includes bibliographical references (p. [195]-208).
500 ## - NOTA GENERAL
Nota general Translated from the Japanese.
505 0# - NOTA DE CONTENIDO CON FORMATO
Nota de contenido con formato Introduction -- book 1: The bells of Gion Monastery ; Night attack at Courtiers' Hall ; The sea bass ; Page-boy cuts ; Kiyomori's flowering fortunes ; Gio -- book 2: The admonition ; Signal fires ; The death of the senior counselor ; Yasuyori's prayer -- book 3: The pardon ; The foot-drumming ; Ario ; The death of Shunkan -- book 4: The battle at the bridge -- book 5: The burning of Nara -- book 6: The death of Kiyomori -- book 7: Sanemori ; Tadanori leaves the capital ; The flight from Fukuhara -- book 8 [summary] -- book 9: The death of Lord Kiso ; The old horse ; The attack from the cliff ; The death of Tadanori ; The capture of Shigehira ; The death of Atsumori -- book 10: Regarding the precepts ; Senju-no-mae ; Yokobue ; Koremori becomes a monk ; Koremori drowns himself -- book 11: The death of Tsuginobu ; Nasu no Yoichi ; The lost bow ; The cockfights and the battle of Dan-no-ura ; Far-flying arrows ; The drowning of the former emperor -- book 12: The execution of Rokudai -- The initiates' book: The imperial lady becomes a nun ; The move to Ohara ; The retired emperor visits Ohara ; The six paths of existence ; The death of the imperial lady -- Glossary of characters.
600 30 - PUNTO DE ACCESO ADICIONAL DE MATERIA--NOMBRE DE PERSONA
Nombre de persona Taira family
Subdivisión de forma Fiction.
9 (RLIN) 40672
651 #0 - PUNTO DE ACCESO ADICIONAL DE MATERIA--NOMBRE GEOGRÁFICO
Nombre geográfico Japan
Subdivisión general History
Subdivisión cronológica Gempei Wars, 1180-1185
Subdivisión de forma Fiction.
9 (RLIN) 40673
700 1# - PUNTO DE ACCESO ADICIONAL--NOMBRE DE PERSONA
Nombre de persona Watson, Burton,
Fechas asociadas al nombre 1925-
9 (RLIN) 40674
700 1# - PUNTO DE ACCESO ADICIONAL--NOMBRE DE PERSONA
Nombre de persona Shirane, Haruo,
Fechas asociadas al nombre 1951-
9 (RLIN) 40675
856 41 - LOCALIZACIÓN Y ACCESO ELECTRÓNICOS
Especificación de materiales Table of contents
Identificador Uniforme del Recurso <a href="http://www.loc.gov/catdir/toc/ecip063/2005034245.html">http://www.loc.gov/catdir/toc/ecip063/2005034245.html</a>
910 ## - DATOS DE OPCIÓN DEL USUARIO (OCLC)
Datos de opción del usuario Catalogación derivada / LC
Holdings
Estado de retiro Estado de pérdida Restricciones de uso No para préstamo Código de colección Localización permanente Ubicación/localización actual Ubicación en estantería Fecha de adquisición Número de inventario Total de préstamos Signatura topográfica completa Código de barras Fecha visto por última vez Precio válido a partir de Tipo de ítem Koha
      Excluido de préstamo Monografías: Libros y Folletos General General En catalogación 20.05.2010 LF1   v.2 18891-10 25.06.2020 25.06.2020 No se presta

Powered by Koha